000 00271nam a22001097a 4500
082 _a320/VEG
100 _aVegada ,Arvind
_981528
245 _aSavarkar's Writiings Indian Politics
260 _aDelhi
_bVsual Pub.& Distributors
_c2018
650 _aPolitical
942 _cBK
999 _c65587
_d65587